[Event "20th EUR-ch"]
[Site "Skopje MKD"]
[Date "2019.03.28"]
[Round "10"]
[White "Karaoglan, Kivanc"]
[Black "Doncevic, Dario"]
[Result "1-0"]
[WhiteElo "1943"]
[BlackElo "2249"]
[EventDate "2019.03.18"]
[Board "146"]
[PlyCount "97"]

1.e4 e6 2.d4 d5 3.exd5 exd5 4.Bd3 c5 5.dxc5 Bxc5 6.Nf3 Ne7 7.O-O Nbc6 8.
Nbd2 O-O 9.Nb3 Bb6 10.c3 Bf5 11.Bf4 Qd7 12.Re1 Ng6 13.Bg3 Rad8 14.Bxf5 
Qxf5 15.Nbd4 Qf6 16.Qd2 Nxd4 17.Nxd4 Bxd4 18.Qxd4 Qxd4 19.cxd4 Rc8 20.Rac1
h5 21.Bc7 f6 22.f3 Kf7 23.Kf2 Rfe8 24.Bd6 Rxc1 25.Rxc1 Ke6 26.Ba3 Kd7 27.
g3 b6 28.Bb4 Re6 29.a4 Rc6 30.Bc3 Ne7 31.Ke3 Nf5+ 32.Kd3 Re6 33.Bd2 Rc6 
34.Ra1 a6 35.b3 Ne7 36.h3 Nf5 37.g4 hxg4 38.hxg4 Ne7 39.Rh1 Ke6 40.Rh7 Kf7
41.Bh6 Kg6 42.Rxg7+ Kxh6 43.Rxe7 Kg5 44.Rd7 Kf4 45.Rxd5 Kxf3 46.g5 Kf4 47.
gxf6 Rxf6 48.Rh5 Rd6 49.d5 1-0

[Event "20th EUR-ch"]
[Site "Skopje MKD"]
[Date "2019.03.28"]
[Round "10"]
[White "Fernandes, Antonio"]
[Black "Sekelja, Marko"]
[Result "1-0"]
[WhiteElo "2405"]
[BlackElo "2120"]
[EventDate "2019.03.18"]
[Board "147"]
[PlyCount "75"]

1.Nf3 d5 2.g3 Nf6 3.Bg2 c6 4.O-O e6 5.d4 Bd6 6.b3 O-O 7.c4 b6 8.Qc2 Bb7 9.
Nc3 Nbd7 10.e4 dxe4 11.Nxe4 Nxe4 12.Qxe4 Nf6 13.Qe2 c5 14.Rd1 Qe7 15.Bb2 
Rad8 16.Rd3 cxd4 17.Nxd4 Bxg2 18.Kxg2 Qb7+ 19.f3 Be7 20.Rad1 Rd7 21.Nf5 
Rxd3 22.Nxe7+ Qxe7 23.Qxd3 Rc8 24.Rd2 h6 25.Be5 Qc5 26.Qc3 Nd5 27.Qd4 Ne3+
28.Kf2 Qxd4 29.Rxd4 Nc2 30.Rd2 Nb4 31.Bc3 Na6 32.Rd7 Rc7 33.Rxc7 Nxc7 34.
Be5 Ne8 35.Bb8 a6 36.Ba7 b5 37.cxb5 axb5 38.Ke3 1-0

[Event "20th EUR-ch"]
[Site "Skopje MKD"]
[Date "2019.03.28"]
[Round "10"]
[White "Miloi, Pavel-Dan"]
[Black "Chittka, Julius"]
[Result "0-1"]
[WhiteElo "2119"]
[BlackElo "2288"]
[EventDate "2019.03.18"]
[Board "148"]
[PlyCount "62"]

1.e4 c5 2.Nf3 Nc6 3.d4 cxd4 4.Nxd4 Nf6 5.Nc3 e5 6.Ndb5 d6 7.Bg5 a6 8.Na3 
b5 9.Nd5 Be7 10.Bxf6 Bxf6 11.c4 Nd4 12.cxb5 Bb7 13.Nc3 O-O 14.bxa6 Rxa6 
15.Nc2 Rb6 16.Nxd4 exd4 17.Na4 Bxe4 18.Nxb6 Re8 19.Be2 Bxg2 20.Rg1 Bf3 21.
Nd5 Bxd5 22.Kf1 Be5 23.Rg3 Bxg3 24.hxg3 Qf6 25.Qd3 Be4 26.Qb5 Qe6 27.Bg4 
f5 28.Bh5 Rf8 29.Qb3 Bd5 30.Qd1 Qe4 31.f3 Qe3 {40...0-1} 0-1

[Event "20th EUR-ch"]
[Site "Skopje MKD"]
[Date "2019.03.28"]
[Round "10"]
[White "Tomashevskaya, Lidia"]
[Black "Antova, Gabriela"]
[Result "1/2-1/2"]
[WhiteElo "2112"]
[BlackElo "2286"]
[EventDate "2019.03.18"]
[Board "149"]
[PlyCount "38"]

1.e4 e5 2.Nf3 Nf6 3.Nxe5 d6 4.Nf3 Nxe4 5.Nc3 Nxc3 6.dxc3 Be7 7.Bf4 Nc6 8.
Qd2 Be6 9.Nd4 Nxd4 10.cxd4 d5 11.Bd3 Qd7 12.O-O-O Bf6 13.c3 O-O-O 14.Rhe1 
Bf5 15.Be5 Bxe5 16.Rxe5 Bxd3 17.Qxd3 f6 18.Re3 a6 19.Rde1 Rde8 1/2-1/2

[Event "20th EUR-ch"]
[Site "Skopje MKD"]
[Date "2019.03.28"]
[Round "10"]
[White "Ivankovic, Ivo"]
[Black "Unuk, Laura"]
[Result "0-1"]
[WhiteElo "2109"]
[BlackElo "2266"]
[EventDate "2019.03.18"]
[Board "150"]
[PlyCount "64"]

1.b4 c5 2.bxc5 e5 3.Bb2 Nc6 4.Nf3 Bxc5 5.e3 Qe7 6.Be2 Nf6 7.O-O e4 8.Nd4 
d5 9.Nb3 Bd6 10.f4 exf3 11.Bxf3 Ne5 12.Be2 h5 13.a4 Neg4 14.h3 Ne4 15.Bb5+
Kd8 16.Rf4 Qh4 17.Qf3 Be6 18.Ba3 Qe1+ 19.Bf1 Ng5 20.Bxd6 Nxf3+ 21.Rxf3 Qh4
22.Bg3 Qg5 23.hxg4 hxg4 24.Rf4 Qh5 25.Nc3 Rc8 26.Bd3 Ke7 27.Raf1 Rh6 28.
Bf5 g5 29.Rb4 b6 30.Nd4 Rch8 31.Kf2 Ra8 32.Ke2 Rhh8 0-1

[Event "20th EUR-ch"]
[Site "Skopje MKD"]
[Date "2019.03.28"]
[Round "10"]
[White "Sahin, Ozgun"]
[Black "Trajkovski, Mile"]
[Result "1-0"]
[WhiteElo "2221"]
[BlackElo "2105"]
[EventDate "2019.03.18"]
[Board "151"]
[PlyCount "59"]

1.e4 c5 2.Nc3 Nc6 3.g3 Nf6 4.Bg2 g6 5.d3 Bg7 6.f4 d6 7.Nge2 O-O 8.h3 Rb8 
9.g4 b5 10.Ng3 b4 11.Nce2 Ne8 12.f5 e6 13.g5 Be5 14.f6 a5 15.Rb1 Nd4 16.
Be3 d5 17.c3 bxc3 18.bxc3 Nxe2 19.Nxe2 Rxb1 20.Qxb1 dxe4 21.Bxc5 Bd6 22.
Bxd6 Nxd6 23.dxe4 Bd7 24.O-O Bb5 25.Rf2 Bxe2 26.Rxe2 Qc7 27.Qd3 h5 28.gxh6
Kh7 29.Qg3 Rb8 30.Rd2 {56... 1-0} 1-0

[Event "20th EUR-ch"]
[Site "Skopje MKD"]
[Date "2019.03.28"]
[Round "10"]
[White "Angun, Batu"]
[Black "Stoinev, Metodi"]
[Result "1/2-1/2"]
[WhiteElo "2076"]
[BlackElo "2215"]
[EventDate "2019.03.18"]
[Board "152"]
[PlyCount "62"]

1.d4 d5 2.c4 c6 3.Nf3 Nf6 4.Nc3 a6 5.e3 g6 6.Bd3 Bg7 7.O-O O-O 8.Qb3 e6 9.
e4 dxc4 10.Bxc4 b5 11.Be2 Nbd7 12.a4 Bb7 13.Rd1 h6 14.e5 Nd5 15.Nxd5 exd5 
16.Bd2 Re8 17.Rac1 Nf8 18.Qc2 Ne6 19.b4 Qd7 20.a5 Rac8 21.Rf1 Rc7 22.Be3 
Bf8 23.Rb1 Qc8 24.Nd2 Qd8 25.Bd3 Kh7 26.Qc1 Qh4 27.Nf3 Qd8 28.h4 h5 29.
Ng5+ Kg8 30.Nxe6 Rxe6 31.f4 f5 1/2-1/2

[Event "20th EUR-ch"]
[Site "Skopje MKD"]
[Date "2019.03.28"]
[Round "10"]
[White "Uzumcu, Ahmet Utku"]
[Black "Gebigke, Martin"]
[Result "1-0"]
[WhiteElo "2211"]
[BlackElo "2078"]
[EventDate "2019.03.18"]
[Board "153"]
[PlyCount "105"]

1.e4 c5 2.Nf3 d6 3.d4 cxd4 4.Nxd4 Nf6 5.Nc3 a6 6.h3 e6 7.g4 Nfd7 8.g5 Be7 
9.h4 Nc6 10.Be3 O-O 11.Qd2 Nde5 12.Be2 Nxd4 13.Qxd4 b5 14.a3 Bb7 15.f4 Nc6
16.Qd2 Rc8 17.h5 d5 18.exd5 b4 19.dxc6 Qxd2+ 20.Bxd2 Bxc6 21.Rh3 bxc3 22.
Rxc3 Bb7 23.O-O-O Bd6 24.Rxc8 Rxc8 25.Be3 Rd8 26.c4 Kf8 27.Kc2 Ke7 28.b4 
Ra8 29.Kb3 Be4 30.c5 Bc7 31.a4 Bd5+ 32.Bc4 Bf3 33.Rc1 Bxh5 34.b5 Ba5 35.c6
Bf3 36.Bc5+ Kd8 37.Rf1 Be4 38.Rd1+ Ke8 39.Rd7 Bd8 40.Bd4 g6 41.Bc5 Bf3 42.
Rd3 Bg2 43.Rg3 axb5 44.axb5 Be4 45.Rh3 h5 46.gxh6 Bf6 47.h7 Bh8 48.Bd6 Bg2
49.Rh2 Bf3 50.Kb4 Be4 51.Kc5 Bf3 52.b6 Ra5+ 53.Bb5 1-0

[Event "20th EUR-ch"]
[Site "Skopje MKD"]
[Date "2019.03.28"]
[Round "10"]
[White "Schnabel, Ralf"]
[Black "Peycheva, Gergana"]
[Result "1/2-1/2"]
[WhiteElo "2205"]
[BlackElo "2065"]
[EventDate "2019.03.18"]
[Board "154"]
[PlyCount "104"]

1.e4 e6 2.d4 d5 3.Nd2 Nf6 4.e5 Nfd7 5.Bd3 c5 6.c3 Nc6 7.Ne2 cxd4 8.cxd4 f6
9.exf6 Nxf6 10.Nf3 Bd6 11.O-O O-O 12.Bf4 Bxf4 13.Nxf4 Ng4 14.Qd2 Qf6 15.
Nh5 Qh6 16.Qxh6 Nxh6 17.Ng3 a6 18.Rfe1 g6 19.Rac1 Bd7 20.Rc3 Rac8 21.Rec1 
Nf7 22.Ne2 Kg7 23.h4 Kf6 24.Nf4 Nd6 25.g3 Nf5 26.Bxf5 Kxf5 27.Kg2 Rfe8 28.
Nd3 Kf6 29.Nc5 Ke7 30.Nxb7 Nb4 31.a3 Nd3 32.R1c2 Rxc3 33.Rxc3 Nxb2 34.Ne5 
Rc8 35.Nc5 Bb5 36.Rf3 Be8 37.Rb3 Nc4 38.f4 Rc7 39.a4 a5 40.Rb8 Ne3+ 41.Kf2
Nf5 42.Ra8 Nxd4 43.Rxa5 Nf5 44.Ned3 Nd6 45.Kf3 Bc6 46.g4 d4+ 47.Ke2 Bd5 
48.Ne5 Bc4+ 49.Nxc4 Nxc4 50.Rb5 Nd6 51.Ra5 Nc4 52.Rb5 Nd6 1/2-1/2

[Event "20th EUR-ch"]
[Site "Skopje MKD"]
[Date "2019.03.28"]
[Round "10"]
[White "Ongut, Tamas Gunes"]
[Black "Pantovic, Dragan M"]
[Result "1-0"]
[WhiteElo "2197"]
[BlackElo "2063"]
[EventDate "2019.03.18"]
[Board "155"]
[PlyCount "57"]

1.e4 e5 2.Nf3 Nc6 3.Bb5 a6 4.Ba4 Nf6 5.O-O Be7 6.d3 b5 7.Bb3 d6 8.a3 O-O 
9.Nc3 Na5 10.Ba2 c5 11.b4 cxb4 12.axb4 Nc6 13.Nd5 Be6 14.Bd2 Rc8 15.Bb3 
Bg4 16.c3 Nb8 17.h3 Nxd5 18.Bxd5 Bxf3 19.Qxf3 Bg5 20.Bxg5 Qxg5 21.Ra3 Qd2 
22.Qe3 Qxe3 23.fxe3 Rc7 24.c4 g6 25.cxb5 axb5 26.Ra5 Rc3 27.Rxb5 Rxd3 28.
Rb7 Rxe3 29.Rfxf7 1-0

[Event "20th EUR-ch"]
[Site "Skopje MKD"]
[Date "2019.03.28"]
[Round "10"]
[White "Trisha, Kanyamarala"]
[Black "Martinkus, Rolandas"]
[Result "1/2-1/2"]
[WhiteElo "2061"]
[BlackElo "2185"]
[EventDate "2019.03.18"]
[Board "156"]
[PlyCount "56"]

1.d4 c5 2.d5 e5 3.Nc3 d6 4.e4 Be7 5.Nf3 Nf6 6.Bd3 O-O 7.O-O b6 8.Qe2 a6 9.
a4 Nbd7 10.Nd2 Ne8 11.Nc4 Bf6 12.f4 exf4 13.Bxf4 Ne5 14.Nxe5 Bxe5 15.Bxe5 
dxe5 16.Nd1 Nd6 17.Ne3 f6 18.Nc4 Qc7 19.Nxd6 Qxd6 20.c4 Rd8 21.b3 Qe7 22.
Rab1 Rb8 23.Rbc1 Bd7 24.Rc2 Be8 25.Rc3 Qc7 26.Rfc1 Bg6 27.Rf1 Qd7 28.Rc2 
Kf8 1/2-1/2

[Event "20th EUR-ch"]
[Site "Skopje MKD"]
[Date "2019.03.28"]
[Round "10"]
[White "Smirnova, Ekaterina"]
[Black "Tarun, Kanyamarala"]
[Result "1-0"]
[WhiteElo "2178"]
[BlackElo "2027"]
[EventDate "2019.03.18"]
[Board "158"]
[PlyCount "71"]

1.d4 d5 2.c4 e6 3.Nc3 Bb4 4.cxd5 exd5 5.Bf4 c6 6.e3 Ne7 7.Bd3 Bf5 8.Nf3 
O-O 9.O-O Nd7 10.a3 Bxd3 11.Qxd3 Ba5 12.b4 Bc7 13.Bxc7 Qxc7 14.Rfc1 Qd6 
15.Na4 b6 16.Qa6 Rfc8 17.h3 Rc7 18.Ne5 Rac8 19.Nxd7 Qxd7 20.Rc2 Nf5 21.
Rac1 Nd6 22.Nb2 Re8 23.a4 Re6 24.a5 Rg6 25.Nd3 Rf6 26.axb6 axb6 27.Ne5 Qc8
28.Qxc8+ Nxc8 29.Nxc6 g6 30.Ne7+ Rxe7 31.Rxc8+ Kg7 32.R1c6 Rfe6 33.Rxe6 
fxe6 34.Rb8 Ra7 35.Rxb6 Kf6 36.g4 1-0

[Event "20th EUR-ch"]
[Site "Skopje MKD"]
[Date "2019.03.28"]
[Round "10"]
[White "Chigaeva, Anastasia"]
[Black "Bytyqi, Gzim"]
[Result "1-0"]
[WhiteElo "2167"]
[BlackElo "1994"]
[EventDate "2019.03.18"]
[Board "159"]
[PlyCount "84"]

1.d4 Nf6 2.c4 g6 3.Nc3 d5 4.e3 Bg7 5.Qb3 c6 6.Nf3 O-O 7.Be2 dxc4 8.Bxc4 b5
9.Be2 a6 10.O-O Qc7 11.e4 Be6 12.Qc2 Rc8 13.h3 Ne8 14.Be3 f6 15.Rac1 Bf7 
16.Rfd1 e6 17.Qd2 Rd8 18.Qe1 Nd7 19.d5 c5 20.dxe6 Bxe6 21.Nd5 Bxd5 22.Rxd5
Bf8 23.Nd4 Kf7 24.Bg4 Ng7 25.Bh6 Qb7 26.Bxg7 cxd4 27.Bxf8 Nxf8 28.Rdc5 Ra7
29.Qa5 Qe7 30.Rc7 Rxc7 31.Rxc7 Nd7 32.Qxa6 f5 33.Bd1 Qxe4 34.Qxb5 Ke7 35.
Qb4+ Kf6 36.Qd6+ Kg5 37.Qb4 Kf6 38.Bf3 Qf4 39.Rc6+ Kg5 40.Qe7+ Kh6 41.Qxd8
Ne5 42.Qf8+ Kg5 1-0

[Event "20th EUR-ch"]
[Site "Skopje MKD"]
[Date "2019.03.28"]
[Round "10"]
[White "Vetokhin, Savva"]
[Black "De Seroux, Camille"]
[Result "1/2-1/2"]
[WhiteElo "2022"]
[BlackElo "2160"]
[EventDate "2019.03.18"]
[Board "160"]
[PlyCount "115"]

1.e4 c5 2.Nf3 g6 3.d4 cxd4 4.Nxd4 Nc6 5.c4 Bg7 6.Be3 Nf6 7.Nc3 d6 8.Be2 
O-O 9.O-O a6 10.b3 Qa5 11.Rc1 Bd7 12.f3 Nxd4 13.Bxd4 b5 14.Qd2 bxc4 15.
Bxc4 Be6 16.Rfd1 Bxc4 17.bxc4 Rfc8 18.Bxf6 Bxf6 19.Nd5 Qxd2 20.Nxf6+ Kg7 
21.Nh5+ gxh5 22.Rxd2 Rc5 23.Rd5 Rac8 24.Rxc5 Rxc5 25.Kf2 h4 26.Ke3 Kg6 27.
Rc3 Ra5 28.a3 Kg5 29.h3 e5 30.Rd3 f5 31.exf5 Kxf5 32.Kf2 Ke6 33.Ke3 Ra4 
34.Rc3 Kf5 35.Ke2 Kf4 36.Kf2 a5 37.c5 dxc5 38.Rxc5 Rxa3 39.Rc4+ Kg5 40.
Rg4+ Kh5 41.Re4 Ra2+ 42.Kf1 a4 43.Rxe5+ Kg6 44.Re4 a3 45.Kg1 Rb2 46.Ra4 a2
47.Kh2 Kf5 48.Ra5+ Kf4 49.Ra4+ Ke3 50.f4 Kd3 51.f5 Kc3 52.f6 Kb3 53.Ra8 
Rf2 54.Rb8+ Kc2 55.Rc8+ Kb3 56.Rb8+ Kc3 57.Ra8 Kb2 58.Rb8+ 1/2-1/2

[Event "20th EUR-ch"]
[Site "Skopje MKD"]
[Date "2019.03.28"]
[Round "10"]
[White "Mihov, Filip"]
[Black "Azadaliyev, Jahandar"]
[Result "1-0"]
[WhiteElo "2152"]
[BlackElo "1863"]
[EventDate "2019.03.18"]
[Board "161"]
[PlyCount "55"]

1.d4 Nf6 2.c4 e6 3.Nc3 Bb4 4.e3 O-O 5.Bd3 d5 6.a3 Bxc3+ 7.bxc3 c5 8.cxd5 
exd5 9.Ne2 Nc6 10.O-O b6 11.f3 Re8 12.Ng3 h5 13.Ra2 h4 14.Nf5 c4 15.Bb1 
Nh5 16.Qe1 Bxf5 17.Bxf5 Qf6 18.Bb1 Na5 19.e4 Nb3 20.Be3 g6 21.e5 Qe7 22.g4
hxg3 23.Qxg3 Qe6 24.a4 Nf6 25.Qh4 Nh7 26.Rg2 Kf8 27.Bh6+ Kg8 28.Bg5 1-0

[Event "20th EUR-ch"]
[Site "Skopje MKD"]
[Date "2019.03.28"]
[Round "10"]
[White "Dwilewicz, Katarzyna"]
[Black "Lahav, Michal"]
[Result "0-1"]
[WhiteElo "2040"]
[BlackElo "2158"]
[EventDate "2019.03.18"]
[Board "163"]
[PlyCount "74"]

1.e4 c5 2.Nf3 d6 3.c3 Nf6 4.Bd3 g6 5.h3 Nc6 6.Bc2 Bg7 7.O-O O-O 8.Re1 Bd7 
9.d4 cxd4 10.cxd4 Rc8 11.Nc3 a6 12.Qe2 b5 13.e5 Ne8 14.Bg5 dxe5 15.dxe5 h6
16.Bh4 Be6 17.Rac1 Qb6 18.Bb1 Nc7 19.Red1 Rfd8 20.b3 Kh7 21.Ne4 Bd5 22.Bg3
Ne6 23.Nc3 Ncd4 24.Nxd4 Nxd4 25.Qe3 Ba8 26.Kh2 Nf3+ 27.gxf3 Qxe3 28.fxe3 
Rxd1 29.Rxd1 Rxc3 30.Rd7 Bxf3 31.Bf4 Rc1 32.Kg3 Bc6 33.Rc7 Rg1+ 34.Kf2 
Rxb1 35.Rxc6 g5 36.Bg3 Rb2+ 37.Kf3 Rxa2 0-1

[Event "20th EUR-ch"]
[Site "Skopje MKD"]
[Date "2019.03.28"]
[Round "10"]
[White "Birkholz, Olga"]
[Black "Ivanova, Karina"]
[Result "0-1"]
[WhiteElo "2037"]
[BlackElo "2114"]
[EventDate "2019.03.18"]
[Board "164"]
[PlyCount "108"]

1.d4 Nf6 2.Nc3 d5 3.Bg5 Nbd7 4.e3 g6 5.Be2 Bg7 6.h4 h6 7.Bf4 a6 8.Bf3 e6 
9.g4 c5 10.Nge2 b5 11.a3 Bb7 12.g5 hxg5 13.Bxg5 Qb6 14.Ng3 Nh7 15.Bf4 cxd4
16.exd4 Qxd4 17.Qxd4 Bxd4 18.Rd1 Bf6 19.h5 Ne5 20.Bg2 Nc4 21.Bc1 Nxa3 22.
hxg6 fxg6 23.Nxd5 Nxc2+ 24.Kd2 Bxd5 25.Bxd5 exd5 26.Kxc2 O-O-O 27.Rh6 Nf8 
28.Rxh8 Bxh8 29.Bg5 Rd7 30.Re1 Rf7 31.f4 Kd7 32.Ra1 Ne6 33.Rxa6 Nxg5 34.
fxg5 Rf2+ 35.Kd1 Bxb2 36.Rxg6 Be5 37.Ne2 Kc7 38.Re6 Rf5 39.g6 Rg5 40.Kc2 
b4 41.Nc1 Bd6 42.Rf6 Kd7 43.Ne2 Rg2 44.Kd3 Be5 45.Rb6 Rg4 46.Kc2 Ke7 47.
Kd3 Bd6 48.Nd4 Bc5 49.Nf5+ Kd7 50.Rf6 Rg2 51.g7 b3 52.Rh6 b2 53.Rh1 Rg1 
54.Rxg1 Bxg1 0-1

[Event "20th EUR-ch"]
[Site "Skopje MKD"]
[Date "2019.03.28"]
[Round "10"]
[White "Kocyigit, Buse Naz"]
[Black "Asllani, Muhamet"]
[Result "0-1"]
[WhiteElo "1973"]
[BlackElo "2105"]
[EventDate "2019.03.18"]
[Board "165"]
[PlyCount "58"]

1.e4 e5 2.Nf3 Nc6 3.Bb5 Nf6 4.O-O d6 5.d4 exd4 6.Nxd4 Bd7 7.Re1 Nxd4 8.
Bxd7+ Qxd7 9.Qxd4 Be7 10.c4 h6 11.Nc3 O-O 12.b3 Rfe8 13.Bb2 Bf8 14.Rad1 
Re6 15.Re3 Rae8 16.Rde1 a6 17.Nd5 Nh5 18.Rh3 Nf6 19.Rhe3 Nh5 20.f4 Rg6 21.
f5 Rg5 22.Qd1 c6 23.Nc3 Nf6 24.Nb1 Ng4 25.Rd3 d5 26.h4 Bc5+ 27.Bd4 Qc7 28.
hxg5 Qh2+ 29.Kf1 Qh1+ 0-1

[Event "20th EUR-ch"]
[Site "Skopje MKD"]
[Date "2019.03.28"]
[Round "10"]
[White "Andolfatto, Maria"]
[Black "Konstantinov, Aleksandar"]
[Result "1/2-1/2"]
[WhiteElo "2033"]
[BlackElo "2079"]
[EventDate "2019.03.18"]
[Board "166"]
[PlyCount "84"]

1.Nf3 g6 2.c4 Bg7 3.d4 d6 4.g3 f5 5.Bg2 Nf6 6.Nc3 O-O 7.O-O Qe8 8.Re1 Qf7 
9.e4 Nxe4 10.Nxe4 fxe4 11.Rxe4 Bf5 12.Re1 Bg4 13.Bf4 Nc6 14.Qd3 Bxf3 15.
Bxf3 Nxd4 16.Bd5 e6 17.Qxd4 exd5 18.Qxd5 Qxd5 19.cxd5 Bxb2 20.Rab1 Bd4 21.
Rxb7 Bb6 22.Be3 Rae8 23.Rb1 Rf7 24.a4 Bxe3 25.fxe3 Rxe3 26.Rxa7 Rd3 27.Rc1
Rxd5 28.Rcxc7 Rxc7 29.Rxc7 Ra5 30.Rc4 Kf7 31.Kf2 Ke6 32.Ke3 d5 33.Rb4 Ke5 
34.Kd3 Rc5 35.Rb1 Kd6 36.Ra1 Kc6 37.a5 Kb7 38.a6+ Ka7 39.Kd4 Rc2 40.Kxd5 
Rxh2 41.Ke5 Rf2 42.Ra3 g5 1/2-1/2

[Event "20th EUR-ch"]
[Site "Skopje MKD"]
[Date "2019.03.28"]
[Round "10"]
[White "Bejatovic, Bojana"]
[Black "Filip, Andrei"]
[Result "1-0"]
[WhiteElo "2058"]
[BlackElo "1894"]
[EventDate "2019.03.18"]
[Board "167"]
[PlyCount "79"]

1.e4 e5 2.Bc4 Nf6 3.d3 c6 4.Nf3 d6 5.h3 Be7 6.Nc3 O-O 7.O-O Re8 8.Bb3 h6 
9.d4 Nbd7 10.Be3 Qc7 11.a4 Nf8 12.d5 c5 13.Nd2 Ng6 14.f4 exf4 15.Bxf4 Nxf4
16.Rxf4 Bd7 17.Qf3 Rf8 18.Rf1 a6 19.Bc4 Rab8 20.Qe2 Nh7 21.e5 f6 22.e6 Be8
23.Bd3 Bd8 24.Nde4 g6 25.Ng3 Qg7 26.Rg4 Ng5 27.h4 f5 28.Bxf5 gxf5 29.Nxf5 
Rxf5 30.Rxf5 Bh5 31.hxg5 Bxg4 32.Qxg4 Bxg5 33.Qe4 Bf6 34.Ne2 Rf8 35.c3 Qg6
36.e7 Re8 37.Qe6+ Kg7 38.Nf4 Qf7 39.Rxf6 Qxe7 40.Nh5+ 1-0

[Event "20th EUR-ch"]
[Site "Skopje MKD"]
[Date "2019.03.28"]
[Round "10"]
[White "Batkoski, Nenad"]
[Black "Terziev, Dimo"]
[Result "0-1"]
[WhiteElo "1846"]
[BlackElo "2041"]
[EventDate "2019.03.18"]
[Board "168"]
[PlyCount "52"]

1.b4 e5 2.Bb2 Bxb4 3.Bxe5 Nf6 4.Nf3 d6 5.Bb2 Nc6 6.h3 Qe7 7.Nc3 a6 8.e3 d5
9.Be2 Bd7 10.Rb1 O-O-O 11.O-O g5 12.a3 Bd6 13.Re1 g4 14.hxg4 Bxg4 15.Nd4 
Rhg8 16.Nxc6 bxc6 17.Bxa6+ Kd7 18.Be2 Rg6 19.Bxg4+ Nxg4 20.f3 Qh4 21.fxg4 
Rf6 22.Qf3 Rxf3 23.gxf3 Qh2+ 24.Kf1 Bg3 25.Nd1 h5 26.Bf6 h4 0-1

[Event "20th EUR-ch"]
[Site "Skopje MKD"]
[Date "2019.03.28"]
[Round "10"]
[White "Veljanoski, Andrej"]
[Black "Huttl, Sofie"]
[Result "1/2-1/2"]
[WhiteElo "2063"]
[BlackElo "1741"]
[EventDate "2019.03.18"]
[Board "169"]
[PlyCount "29"]

1.e4 e5 2.Nf3 Nc6 3.d4 exd4 4.Nxd4 Bb4+ 5.c3 Bc5 6.Be3 Bb6 7.Nd2 Nf6 8.Be2
O-O 9.f4 Re8 10.Nxc6 bxc6 11.Bxb6 cxb6 12.Qc2 d5 13.O-O-O Bf5 14.exf5 Rxe2
15.Rhg1 1/2-1/2

[Event "20th EUR-ch"]
[Site "Skopje MKD"]
[Date "2019.03.28"]
[Round "10"]
[White "Krstev, Emil"]
[Black "Taleski, Vaso"]
[Result "1-0"]
[WhiteElo "2050"]
[BlackElo "1677"]
[EventDate "2019.03.18"]
[Board "170"]
[PlyCount "85"]

1.f4 Nf6 2.Nf3 c5 3.d3 d5 4.g3 g6 5.Bg2 Bg7 6.O-O O-O 7.Nc3 Nc6 8.Ne5 e6 
9.Nxc6 bxc6 10.e4 d4 11.Na4 Qe7 12.b3 Ba6 13.Ba3 Nd7 14.Qd2 Bb5 15.Qa5 
Bxa4 16.Qxa4 Rfc8 17.e5 Nb6 18.Qxd4 cxd4 19.Bxe7 Nd7 20.Rfe1 Rab8 21.a4 a5
22.g4 h6 23.h4 Bf8 24.Bxf8 Kxf8 25.f5 gxf5 26.gxf5 exf5 27.e6 Nc5 28.exf7 
Kxf7 29.Re5 Nb7 30.Rxf5+ Kg6 31.Raf1 Rc7 32.Rf6+ Kg7 33.h5 Nd8 34.Rg6+ Kh7
35.Rff6 Nf7 36.Bxc6 Rbc8 37.Be4 Rg8 38.Rxg8+ Kxg8 39.Bd5 Kg7 40.Rxf7+ Rxf7
41.Bxf7 Kxf7 42.b4 Ke6 43.b5 1-0

[Event "20th EUR-ch"]
[Site "Skopje MKD"]
[Date "2019.03.28"]
[Round "10"]
[White "Markovski, Velo"]
[Black "Bajrami, Zejno"]
[Result "1-0"]
[WhiteElo "1935"]
[BlackElo "1938"]
[EventDate "2019.03.18"]
[Board "171"]
[PlyCount "61"]

1.e4 e5 2.Nf3 Nc6 3.d4 exd4 4.c3 dxc3 5.Nxc3 Nge7 6.Bc4 h6 7.Qb3 d5 8.exd5
Na5 9.Qa4+ c6 10.dxc6 Nexc6 11.O-O Nxc4 12.Qxc4 Be6 13.Re1 Be7 14.Qb5 Qc8 
15.Bf4 O-O 16.Rac1 a6 17.Qe2 Re8 18.Qe3 Bb4 19.Bxh6 gxh6 20.Qxh6 Bxc3 21.
bxc3 Bf5 22.Nh4 Rxe1+ 23.Rxe1 Be6 24.Re3 Nd4 25.Rg3+ Bg4 26.cxd4 f5 27.h3 
Qc2 28.hxg4 Qd1+ 29.Kh2 fxg4 30.Qg6+ Kf8 31.Rxg4 1-0

[Event "20th EUR-ch"]
[Site "Skopje MKD"]
[Date "2019.03.28"]
[Round "10"]
[White "Krstevski, Vladimir"]
[Black "Miftari, Hedon"]
[Result "1/2-1/2"]
[WhiteElo "1451"]
[BlackElo "1527"]
[EventDate "2019.03.18"]
[Board "172"]
[PlyCount "67"]

1.d4 d5 2.c4 c6 3.e3 Nf6 4.Nc3 e6 5.Nf3 Nbd7 6.Bd3 dxc4 7.Bxc4 b5 8.Bd3 
Bb7 9.a3 a6 10.b4 Be7 11.O-O O-O 12.e4 Nb6 13.Re1 a5 14.Rb1 axb4 15.axb4 
Na4 16.Qc2 Nxc3 17.Qxc3 h6 18.Bd2 Qb6 19.Qc1 Rfd8 20.h3 Bf8 21.e5 Nd5 22.
Re4 Kh8 23.Rh4 Kg8 24.Rg4 Kh8 25.Ng5 hxg5 26.Bxg5 Be7 27.Bxe7 Nxe7 28.Rh4+
Kg8 29.Qg5 Nf5 30.Bxf5 exf5 31.Qh5 Kf8 32.Qg5 Kg8 33.Qh5 Kf8 34.Qg5 
1/2-1/2

[Event "20th EUR-ch"]
[Site "Skopje MKD"]
[Date "2019.03.28"]
[Round "10"]
[White "Hart, Alexander"]
[Black "Petrovic, Lazar"]
[Result "1/2-1/2"]
[WhiteElo "1885"]
[BlackElo "1690"]
[EventDate "2019.03.18"]
[Board "173"]
[PlyCount "171"]

1.Nf3 d5 2.c4 e6 3.g3 Nf6 4.Bg2 Be7 5.O-O O-O 6.b3 b6 7.Bb2 Bb7 8.cxd5 
exd5 9.d4 c5 10.Nc3 Nc6 11.dxc5 Bxc5 12.Nb5 a6 13.Nbd4 Re8 14.a3 Bf8 15.
Rc1 Rc8 16.Qd3 b5 17.Nf5 g6 18.N5d4 Bg7 19.Rfd1 Nxd4 20.Bxd4 Qe7 21.Rxc8 
Bxc8 22.Qc3 Bb7 23.e3 Ne4 24.Qb2 Bxd4 25.Nxd4 Rc8 26.Rc1 Rxc1+ 27.Qxc1 Qc5
28.Qxc5 Nxc5 29.b4 Ne4 30.Kf1 Kf8 31.Ke2 Ke7 32.f3 Nd6 33.Kd3 Nc4 34.Nc2 
Bc8 35.Kd4 Kd6 36.g4 f5 37.g5 Bb7 38.h4 Ne5 39.f4 Nc4 40.Bf1 Nd2 41.Be2 
Nc4 42.h5 Bc6 43.hxg6 hxg6 44.Bf3 Nd2 45.Ne1 Nc4 46.Nc2 Nd2 47.Bd1 Nc4 48.
Ne1 Nxa3 49.Nd3 Bd7 50.Ne5 Be8 51.Bb3 Nc4 52.Nd3 Bd7 53.Nc5 Bc8 54.Bc2 Na3
55.Bd1 Kc6 56.Ke5 Nc4+ 57.Kf6 Nxe3 58.Bf3 a5 59.Nd3 axb4 60.Kxg6 Be6 61.
Kf6 Bg8 62.Ke5 b3 63.Kd4 Nc4 64.Kc3 b2 65.Kc2 Kb6 66.Bh5 Kc7 67.Be8 Nd6 
68.Bg6 Kd7 69.Kxb2 d4 70.Kc2 Ke6 71.Nb4 Ne4 72.Kd3 Nxg5 73.fxg5 Ke5 74.Be8
Bc4+ 75.Kd2 f4 76.g6 f3 77.Bf7 f2 78.Bxc4 bxc4 79.Ke2 Kf6 80.Kxf2 Kxg6 81.
Nc6 Kf5 82.Nxd4+ Ke4 83.Ne2 Kd3 84.Kf3 Kd2 85.Kf2 c3 86.Nxc3 1/2-1/2

[Event "20th EUR-ch"]
[Site "Skopje MKD"]
[Date "2019.03.29"]
[Round "11"]
[White "Gledura, Benjamin"]
[Black "Grandelius, Nils"]
[Result "0-1"]
[WhiteElo "2630"]
[BlackElo "2694"]
[EventDate "2019.03.18"]
[Board "2"]
[PlyCount "60"]

1.Nf3 c5 2.c4 Nc6 3.Nc3 e5 4.g3 g6 5.Bg2 Bg7 6.O-O d6 7.a3 Nge7 8.d3 O-O 
9.Rb1 a5 10.Ne1 Be6 11.Nc2 d5 12.cxd5 Nxd5 13.Ne3 Nde7 14.Nc4 Rb8 15.Bg5 
f6 16.Be3 b6 17.Qa4 Nd4 18.Bxd4 exd4 19.Nb5 Nd5 20.b4 axb4 21.axb4 Nxb4 
22.Rxb4 cxb4 23.Ncd6 Qe7 24.Rc1 Rfd8 25.Qxb4 Bf8 26.Qxd4 Rxd6 27.Qxd6 Qxd6
28.Nxd6 Bxd6 29.Rc6 Rc8 30.Rxd6 Rc1+ 0-1

[Event "20th EUR-ch"]
[Site "Skopje MKD"]
[Date "2019.03.29"]
[Round "11"]
[White "Nisipeanu, Liviu-Dieter"]
[Black "Piorun, Kacper"]
[Result "1/2-1/2"]
[WhiteElo "2670"]
[BlackElo "2631"]
[EventDate "2019.03.18"]
[Board "3"]
[PlyCount "33"]

1.e4 c6 2.d4 d5 3.exd5 cxd5 4.Bd3 Nc6 5.c3 g6 6.Nf3 Nh6 7.O-O Bf5 8.Re1 
Bxd3 9.Qxd3 Bg7 10.Bf4 O-O 11.Nbd2 Nf5 12.Re2 Re8 13.Rae1 e6 14.h3 Rc8 15.
g4 Nd6 16.h4 h6 17.Qe3 1/2-1/2

[Event "20th EUR-ch"]
[Site "Skopje MKD"]
[Date "2019.03.29"]
[Round "11"]
[White "Movsesian, Sergei"]
[Black "Berkes, Ferenc"]
[Result "1/2-1/2"]
[WhiteElo "2627"]
[BlackElo "2666"]
[EventDate "2019.03.18"]
[Board "4"]
[PlyCount "30"]

1.e4 c6 2.d4 d5 3.Nc3 dxe4 4.Nxe4 Nf6 5.Nxf6+ exf6 6.Bc4 Bd6 7.Qe2+ Qe7 8.
Qxe7+ Kxe7 9.Bd2 Be6 10.Bxe6 fxe6 11.O-O-O c5 12.Ne2 Nc6 13.Be3 cxd4 14.
Nxd4 Nxd4 15.Rxd4 Bc5 1/2-1/2

[Event "20th EUR-ch"]
[Site "Skopje MKD"]
[Date "2019.03.29"]
[Round "11"]
[White "Anton Guijarro, David"]
[Black "Oparin, Grigory"]
[Result "1/2-1/2"]
[WhiteElo "2643"]
[BlackElo "2613"]
[EventDate "2019.03.18"]
[Board "5"]
[PlyCount "71"]

1.c4 e6 2.Nc3 d5 3.d4 Be7 4.cxd5 exd5 5.Bf4 c6 6.e3 Bf5 7.Nge2 Nd7 8.h4 g6
9.Ng3 Be6 10.e4 dxe4 11.Ngxe4 Ngf6 12.Nd6+ Kf8 13.Qd2 Nd5 14.Nxb7 Qb6 15.
Bh6+ Ke8 16.Nc5 Rb8 17.N3a4 Qb4 18.Qxb4 Rxb4 19.a3 Nxc5 20.axb4 Nb3 21.Rd1
Bxb4+ 22.Ke2 Kd7 23.Nc5+ Nxc5 24.dxc5 Bxc5 25.Kf3 Rb8 26.Bc4 Rxb2 27.Rd2 
Rb4 28.Rc1 Bb6 29.Bf8 Ra4 30.Ra2 Rxa2 31.Bxa2 h5 32.Bc5 Bg4+ 33.Ke4 Be6 
34.Kf3 Bg4+ 35.Ke4 Be6 36.Kf3 1/2-1/2